| 000 | 00856nam a2200277 a 4500 | ||
|---|---|---|---|
| 001 | BRL_508 | ||
| 005 | 20190320210756.0 | ||
| 008 | 230813s1998----mx-a######---#000-0#spa-# | ||
| 020 | _a9686520260 | ||
| 041 | _aspa | ||
| 044 | _amx | ||
| 050 | 4 |
_aF1221.L2 _b.S45 1998 |
|
| 245 | 1 | 0 |
_aSelva lacandona _bun paraíso en extinción _ccoord. Víctor Hugo Hernández Obregón y Edouard Adé Blanchard ; fotografías Rafael Doniz... [et al.] |
| 250 | _a2 | ||
| 260 |
_aMéxico _bPulsar _c1998 |
||
| 300 |
_a159 p. _bil. a color. _c332 cm. |
||
| 500 | _aAu536 | ||
| 500 | _aBibliografía; p. 157 | ||
| 650 | 1 | 4 |
_aLacandones _923920 |
| 651 | 4 |
_aSelva Lacandona (México) _924137 |
|
| 700 | 1 |
_aHernández Obregón, Víctor Hugo _924138 |
|
| 700 | 1 |
_aAdé Blanchard, Edouard _924139 |
|
| 700 | 1 |
_aDoniz, Rafael _eil. _924140 |
|
| 902 | _aGRL | ||
| 942 |
_2lcc _cB |
||
| 999 |
_c9320 _d9320 |
||